000 00474nam a22001697a 4500
005 20251108175122.0
008 250721s2011 xx 000 0 ara d
082 1 4 _a962.08/شوب
100 1 _aالشوباشي، شريف
245 1 0 _aمستقبل مصر بعد الثورة /
264 1 _aالقاهرة :
_bمكتبة مدبولي،
_c2011.
300 _a213ص.
650 1 7 _aتاريخ مصر
650 1 7 _aالثورات
942 _2ddc
_cBK
999 _c126596
_d126596